00317pab a2200121 454500008004000000100001600040245008000056260000900136300001300145362000800158650001400166773001500180180718b2015 xxu||||| |||| 00| 0 eng d aCraig, Paul aJudicial review and anxious scrutiny foundations, evolution and application c2015 ap.60-78. aJan aJudiciary aPublic Law